000 00625nam a2200193 a 4500
001 000029700
005 20200930055735.0
008 110425s1964 ag r 000 0 spa d
040 _aDO-SdBNP
_bspa
_cBNPHU
082 _axxx
_bZ39p
100 1 _azazzo, Rene
_956495
240 0 0 _aPsychologues et Psychologies D Amerique
245 1 3 _aLa psicología norteamericana /
_cRene Zazzo; traductor Noelia Bastard.
260 _aBuenos Aires :
_bPaidós,
_c1964.
300 _a174 p. ;
_c18 cm.
504 _aIncluye referencias bibliográficas y notas al pie de las páginas.
700 1 _aBastard, Noelia
_956496
049 _aBNGR
999 _c29192
_d29192